000 01177nam2a2200301 4500
001 RU\NLR\BIBL_A\011322287
005 20250806210305.0
035 _a(NLR Aleph) 011322287
090 _a59558
_c59558
100 _a20250806 rusy50
101 0 _apem
102 _aRU
135 _acrgn 008anaba
200 0 _a1945, № 54 (3620) (19 марта)
210 _d1945
325 1 _aКопия доступна в электронной библиотеке РНБ
461 0 _1001RU\NLR\BIBL_A\010535095
_12001#$aЛенин туй вылöт$v1945, № 54 (3620) (19 марта)
852 _aNLR
_bОНЛ
_jКоми-п.г./1-19
856 0 _uhttp://vivaldi.nlr.ru/pn000182594/view
856 1 _uhttp://vivaldi.nlr.ru/pn000182594/cover
856 2 _uhttp://vivaldi.nlr.ru/pn000182594/text
901 _eГазеты
942 _cISSNP
945 _aРоссийская национальная библиотека
980 _aNB
980 _aBV
981 2 7 _a(27) Периодические издания
_b(27) Газеты